<?xml version="1.0" encoding="UTF-8"?><?xml-stylesheet type="text/xsl" href="static/style.xsl"?><OAI-PMH xmlns="http://www.openarchives.org/OAI/2.0/" xmlns:xsi="http://www.w3.org/2001/XMLSchema-instance" xsi:schemaLocation="http://www.openarchives.org/OAI/2.0/ http://www.openarchives.org/OAI/2.0/OAI-PMH.xsd"><responseDate>2026-06-07T05:53:57Z</responseDate><request verb="GetRecord" identifier="oai:riuma.uma.es:10630/40540" metadataPrefix="marc">https://riuma.uma.es/rest/oai/request</request><GetRecord><record><header><identifier>oai:riuma.uma.es:10630/40540</identifier><datestamp>2026-02-03T11:31:58Z</datestamp><setSpec>com_10630_2254</setSpec><setSpec>col_10630_37953</setSpec></header><metadata><record xmlns="http://www.loc.gov/MARC21/slim" xmlns:dcterms="http://purl.org/dc/terms/" xmlns:doc="http://www.lyncode.com/xoai" xmlns:xsi="http://www.w3.org/2001/XMLSchema-instance" xsi:schemaLocation="http://www.loc.gov/MARC21/slim http://www.loc.gov/standards/marcxml/schema/MARC21slim.xsd">
   <leader>00925njm 22002777a 4500</leader>
   <datafield ind2=" " ind1=" " tag="042">
      <subfield code="a">dc</subfield>
   </datafield>
   <datafield ind2=" " ind1=" " tag="720">
      <subfield code="a">Luque-Nadal, Lucía</subfield>
      <subfield code="e">author</subfield>
   </datafield>
   <datafield ind2=" " ind1=" " tag="260">
      <subfield code="c">2021-06-30</subfield>
   </datafield>
   <datafield ind2=" " ind1=" " tag="520">
      <subfield code="a">La importancia que tiene el lenguaje empleado en series de televisión es capital a la hora de estudiar el lenguaje coloquial. La creatividad lingüística, representada en la creación de fraseologismos, alusiones, referentes culturales y juegos lingüísticos, cobra especial esplendor en series como La que se avecina, objeto de estudio en este trabajo. Para llevar a cabo el estudio de alusiones culturales y juegos lingüísticos utilizados en la serie, se ha definido un corpus compuesto por 50 expresiones. Dichas expresiones se han seleccionado siguiendo un doble criterio: que estas mostrasen un elevado grado de creatividad e innovación y que contuviesen, bien un juego lingüístico, bien una alusión. Tras analizar y clasificar el corpus comprobamos la vitalidad que tienen las alusiones culturales y los juegos lingüísticos en el lenguaje usado en la serie, pues muchas de ellas se distorsionan de su estructura original con el fin de crear un mayor efecto cómico. Asimismo, de toda la tipología de juegos lingüísticos comprobamos que los más usados son los malapropismos y, en menor medida, los spoonerismos. Se concluye este trabajo afirmando que el lenguaje de la serie La que se avecina está plagado de juegos lingüísticos y alusiones que no solo crean una situación cómica mantenida de manera constante a lo largo de los episodios, sino que, en última instancia, moldean la personalidad y la ideología de cada personaje de la serie. Por añadidura, los personajes de la serie son, en muchas ocasiones, creadores de alusiones culturales propias ad hoc para una situación concreta.</subfield>
   </datafield>
   <datafield ind1="8" ind2=" " tag="024">
      <subfield code="a">Luque Nadal L. Cultural allusions and language games in media talk. The example of the series La que se avecina. Romanica Olomucensia. 2021;33(1):95-117. doi: 10.5507/ro.2021.006.</subfield>
   </datafield>
   <datafield ind1="8" ind2=" " tag="024">
      <subfield code="a">https://hdl.handle.net/10630/40540</subfield>
   </datafield>
   <datafield ind1="8" ind2=" " tag="024">
      <subfield code="a">10.5507/ro.2021.006</subfield>
   </datafield>
   <datafield tag="653" ind2=" " ind1=" ">
      <subfield code="a">Lenguaje y cultura</subfield>
   </datafield>
   <datafield tag="653" ind2=" " ind1=" ">
      <subfield code="a">Juegos de palabras</subfield>
   </datafield>
   <datafield tag="653" ind2=" " ind1=" ">
      <subfield code="a">Español coloquial</subfield>
   </datafield>
   <datafield ind2="0" ind1="0" tag="245">
      <subfield code="a">Alusiones culturales y juegos lingüísticos en el lenguaje televisivo.El ejemplo de la serie ‘La que se avecina'.</subfield>
   </datafield>
</record>
</metadata></record></GetRecord></OAI-PMH>